LEADER 04824nam 2200637 a 450 001 9910456971703321 005 20200520144314.0 010 $a1-60086-572-0 010 $a1-60086-353-1 035 $a(CKB)2550000000073248 035 $a(EBL)3111659 035 $a(SSID)ssj0000565898 035 $a(PQKBManifestationID)12201581 035 $a(PQKBTitleCode)TC0000565898 035 $a(PQKBWorkID)10533751 035 $a(PQKB)10892785 035 $a(MiAaPQ)EBC3111659 035 $a(Au-PeEL)EBL3111659 035 $a(CaPaEBR)ebr10516764 035 $a(OCoLC)922978968 035 $a(EXLCZ)992550000000073248 100 $a19850606d1985 uy 0 101 0 $aeng 135 $aurcn||||||||| 181 $ctxt 182 $cc 183 $acr 200 00$aMonitoring earth's ocean, land, and atmosphere from space$b[electronic resource] $esensors, systems, and applications /$fedited by Abraham Schnapf 210 $aNew York $cAmerican Institute of Aeronautics and Astronautics$dc1985 215 $a1 online resource (867 p.) 225 1 $aProgress in astronautics and aeronautics ;$vv. 97 300 $aDescription based upon print version of record. 311 $a0-915928-98-1 320 $aIncludes bibliographies and index. 327 $a""Cover""; ""Title""; ""Copyright""; ""Table of Contents""; ""Authors""; ""Preface""; ""Chapter I. Earthview Remote Sensing of the Earth from Space""; ""Introduction""; ""Solar-Terrestrial Interactions""; ""The Dynamic Atmosphere""; ""The Dynamic Oceans and Coastal Regions""; ""The Solid Earth""; ""The Biosphere""; ""The Earth's Climate""; ""The Problems of Categories""; ""International Concerns about Remote Sensing""; ""Commercial Opportunities in Remote Sensing""; ""Future Opportunities for International Cooperation"" 327 $a""Possible Effect of NASA's Space Station Program on Earth Observations"" ""Chapter II. Meteorological and Environmental Satellites""; ""The TIROS Meteorological Satellites Twenty-five Years: 1960-1985""; ""The Nimbus Satellite System: Remote Sensing R&D Platform of the 1970's""; ""Introduction""; ""Evolution of the TIROS Program""; ""ITOS The Improved TIROS Operational System""; ""Benefits""; ""The Nimbus Satellite System: Remote Sensing R&D Platform of the 1970's""; ""Introduction""; ""Satellite System Design""; ""Nimbus Achievements""; ""Lessons Learned"" 327 $a""Remote Sensing of the Earth with the Defense Meteorological Satellite"" ""Background""; ""Introduction""; ""Block IV""; ""Block 5A""; ""Block 5B and 5C""; ""Block 5D-1""; ""Attitude Determination and Control""; ""Control Functions""; ""The Defense Meteorological Satellite Program: A Review of Its Impact""; ""Introduction""; ""The Early Years: 1965-1972""; ""The Expanding Years: 1973-1981""; ""The Mature Years: 1982-""; ""The Development of the Geosynchronous Weather Satellite System""; ""Introduction""; ""Applications Technology Satellites""; ""SMS/GOES""; ""GOES"" 327 $a""The Current Operational System"" ""Use of Geosynchronous Satellite Measurements""; ""GOES-Next""; ""Data Availability""; ""The GOES-G and -H Spacecraft Design""; ""Introduction""; ""Spacecraft Design Configuration""; ""Communications Subsystem""; ""VAS and VDM Design""; ""SEM Design""; ""Controls Subsystem Design""; ""Telemetry and Command""; ""Power and Propulsion Subsystems""; ""NOAA's Environmental Satellite Data Processing and Derived Products""; ""Polar Satellite Ingest System""; ""Geostationary Satellite Ingest System""; ""Data Processing""; ""Quantitative Products""; ""Images"" 327 $a""Analytical Products"" ""Future""; ""The Economic Benefits of Operational Environmental Satellites""; ""Introduction""; ""Activities Benefiting from Operational Environmental Satellite Programs""; ""Earth Radiation Budget Satellite""; ""Introduction""; ""Program Background""; ""The Earth Radiation Budget Satellite Program""; ""Scientific Instruments""; ""Project Operations Control Center""; ""The Upper Atmosphere Research Satellite""; ""Introduction""; ""Mission Characteristics""; ""Observatory""; ""Instruments""; ""Theoretical Investigations""; ""Data Processing System"" 327 $a""Complementary Measurements"" 410 0$aProgress in astronautics and aeronautics ;$vv. 97. 606 $aArtificial satellites 606 $aRemote sensing$xEquipment and supplies 608 $aElectronic books. 615 0$aArtificial satellites. 615 0$aRemote sensing$xEquipment and supplies. 676 $a629.1 s 676 $a551/.028 701 $aSchnapf$b Abraham$0994244 801 0$bMiAaPQ 801 1$bMiAaPQ 801 2$bMiAaPQ 906 $aBOOK 912 $a9910456971703321 996 $aMonitoring earth's ocean, land, and atmosphere from space$92276998 997 $aUNINA LEADER 03545 am 2200601 n 450 001 9910624373703321 005 20210728 010 $a2-7574-3446-2 024 7 $a10.4000/books.septentrion.120788 035 $a(CKB)4100000012897701 035 $a(FrMaCLE)OB-septentrion-120788 035 $a(oapen)https://directory.doabooks.org/handle/20.500.12854/95322 035 $a(PPN)26636277X 035 $a(EXLCZ)994100000012897701 100 $a20221109j|||||||| ||| 0 101 0 $afre 135 $auu||||||m|||| 181 $ctxt$2rdacontent 182 $cc$2rdamedia 183 $acr$2rdacarrier 200 10$aDie neue zeitung $eUn journal américain pour la population allemande (1945-1949) /$fDominique Herbet 210 $aVilleneuve d'Ascq $cPresses universitaires du Septentrion$d2021 215 $a1 online resource (264 p.) 225 1 $aHistoire et civilisations 311 $a2-85939-531-8 330 $aCréé en 1945 par l?armée américaine sous l?égide du général Eisenhower, cet organe de presse officiel annonçait ouvertement aux lecteurs sa mission de rééducation de la population allemande en zone d?occupation américaine. Rééduquer signifiait dénazifier. Et les Américains dotèrent en conséquence leur journal de moyens importants, mais imposèrent aussi certaines exigences, d?où certaines périodes de crise. Or, les Allemands gardent le souvenir d?un grand journal, comparable à « Die Zeit » (R.F.A.) ou au journal « Le Monde » en France. Les intellectuels allemands soulignent la qualité inégalée de ses pages culturelles grâce à la contribution des plus grands écrivains du monde entier, d?André Malraux et Paul Claudel à Hermann Hesse et Thomas ou Heinrich Mann. Mais entre information et propagande, la tâche des différents rédacteurs en chef fut souvent délicate : l?information prima toutefois. Grâce à la présence de journalistes de renom ou d?écrivains célèbres, tels H. Habe, S. Heym, E. Kästner ou H. Wallemberg,le journal connut un réel succès jusqu?en 1948 et fit ainsi date dans l?Histoire de la presse allemande, professant une éthique journalistique et respectant le code de déontologie du journalisme objectif. Les deux premiers rédacteurs en chef réussirent à préserver un équilibre entre journal américain et journal allemand : tout en faisant l?apologie de la démocratie américaine, ils permirent à l?esprit allemand de renaître en mettant en valeur la «meilleure Allemagne». Il servit de forum à K. Schumacher et L. Erhard et fit aussi office d?école de journalisme, une école dont sortirent de nombreuses personnalités de la R.F.A, E. Bahr, P. Boenisch, H. Hamm-Brücher, R. Lembke ou F. Luft. 606 $aHistory 606 $ahistoire 606 $apresse 606 $aliberté de la presse 606 $ajournalisme 606 $aédition 606 $aactivité journalistique 610 $ahistoire 610 $apresse 610 $aliberté de la presse 610 $ajournalisme 610 $aédition 610 $aactivité journalistique 615 4$aHistory 615 4$ahistoire 615 4$apresse 615 4$aliberté de la presse 615 4$ajournalisme 615 4$aédition 615 4$aactivité journalistique 700 $aHerbet$b Dominique$01300935 701 $aVaillant$b Jérôme$01208998 801 0$bFR-FrMaCLE 906 $aBOOK 912 $a9910624373703321 996 $aDie neue zeitung$93065260 997 $aUNINA